Xarxa Barcelona Municipis de Qualitat : el model de cooperació de la Diputació de Barcelona el model de cooperació de la Diputació de Barcelona
Descripción Física:
169 p. : gràfics, quadres ; 30 cm
Colección:
Papers de polítiques territorials
MARC
| LEADER | 00000nam a2200000Ia 4500 | ||
|---|---|---|---|
| 001 | 15804 | ||
| 008 | 160829s2000 xx 000 0 cat d | ||
| 080 | |a M-4-329 | ||
| 245 | |a Xarxa Barcelona Municipis de Qualitat : |b el model de cooperació de la Diputació de Barcelona | ||
| 260 | |a Barcelona : |b Oficina de la Xarxa Barcelona Municipis de Qualitat, |c 2000 | ||
| 300 | |a 169 p. : |b gràfics, quadres ; |c 30 cm | ||
| 490 | |a Papers de polítiques territorials | ||
| 610 | 2 | 0 | |a Xarxa Barcelona Municipis de Qualitat |9 41491 |
| 650 | 0 | |a Administració províncial |z Barcelona (Província) |9 23004 | |
| 901 | |a Arxiu | ||
| 942 | |n 1 | ||
| 952 | |0 0 |1 0 |4 0 |6 M4329 |7 1 |9 49155 |a Arxiu |b Arxiu |d 2016-12-01 |l 0 |o M-4-329 |p 15804 |r 2016-12-01 00:00:00 |w 2016-12-01 |y ARXIU | ||
| 999 | |c 52994 |d 52994 | ||